000 00585nam a22001817a 4500
999 _c162895
_d162895
005 20190323150430.0
010 _aB-160041
020 _c285.00
035 _aB-160041
100 _aArora,Mohan P.
245 _aBiotechnology /
_cMohan p. Arora
260 _aDelhi
_bHimalaya Publishing House
_c2005
270 _a"Pooja Apartment", 4-B, Murari Lal Street, Ansari Road, Daryaganj
_bNew Delhi
_e110002
_k23270392,23256286,23278631
300 _a442p.
_bill
_c23cm.
700 _aBy Chander Kanta
942 _2ddc
_cEN
_e2005
_h620.8
_mARO